| 000 -LEADER |
| fixed length control field |
01418nam a22002177a 4500 |
| 005 - DATE AND TIME OF LATEST TRANSACTION |
| control field |
20230405141051.0 |
| 008 - FIXED-LENGTH DATA ELEMENTS--GENERAL INFORMATION |
| fixed length control field |
230405b ||||| |||| 00| 0 eng d |
| 020 ## - INTERNATIONAL STANDARD BOOK NUMBER |
| International Standard Book Number |
9781406391374 |
| 040 ## - CATALOGING SOURCE |
| Transcribing agency |
KH8 |
| 082 ## - DEWEY DECIMAL CLASSIFICATION NUMBER |
| Classification number |
823.92 WOO |
| 100 ## - MAIN ENTRY--PERSONAL NAME |
| Personal name |
Woolfe, Angela |
| Relator term |
Author |
| 245 ## - TITLE STATEMENT |
| Title |
Roxy & Jones |
| Remainder of title |
The great fairytale cover-up |
| Statement of responsibility, etc. |
Angela Woolfe |
| 260 ## - PUBLICATION, DISTRIBUTION, ETC. |
| Place of publication, distribution, etc. |
London, |
| Name of publisher, distributor, etc. |
Walker Books and Subsidiaries, |
| Date of publication, distribution, etc. |
2020 |
| 300 ## - PHYSICAL DESCRIPTION |
| Extent |
1 volume |
| Other physical details |
illustrations |
| Dimensions |
20 cm |
| 440 ## - SERIES STATEMENT/ADDED ENTRY--TITLE |
| Title |
Roxy & Jones |
| 520 ## - SUMMARY, ETC. |
| Summary, etc. |
A hilarious modern fairy-tale mash-up set in a world in which witches are real, magic is real and fairy tales are not only real ... but recent history. Once Upon a Modern Time, in the city of Rexopolis, in the Kingdom of Illustria, lived twelve-year-old Roxy Humperdinck, half-sister to Hansel and Gretel (yes, THE Hansel and Gretel, not that she knows it). Enter Cinderella ( Call me Jones ) Jones, who most definitely does NOT want to marry ghastly Prince Charming and is far too busy hunting for lost relics of the Cursed Kingdom. But now she needs Roxy's help. And Roxy's about to discover the truth about her world and her family: that witches are real, magic is real and fairy tales are not only real ... but recent history |
| 650 ## - SUBJECT ADDED ENTRY--TOPICAL TERM |
| Topical term or geographic name entry element |
Characters and characteristics in literature |
| 650 ## - SUBJECT ADDED ENTRY--TOPICAL TERM |
| Topical term or geographic name entry element |
Characters and characteristics in literature Children's fiction |
| 650 ## - SUBJECT ADDED ENTRY--TOPICAL TERM |
| Topical term or geographic name entry element |
Children's stories |
| 942 ## - ADDED ENTRY ELEMENTS (KOHA) |
| Source of classification or shelving scheme |
|
| Koha item type |
Books - Non Ficton |